[Event "ROM-ch U12 Girls"]
[Site "Calimanesti Caciulata"]
[Date "2016.04.24"]
[Round "8"]
[White "Hirlesteanu, Andreea"]
[Black "Enachi, Alisa Francesca"]
[Result "1-0"]
[WhiteElo "1113"]
[BlackElo "1038"]
[PlyCount "79"]
[EventDate "2016.04.18"]
[EventType "swiss"]
[EventRounds "9"]
[EventCountry "ROU"]
[SourceTitle "CBM 172 Extra"]
[Source "ChessBase"]
[SourceDate "2016.06.21"]
[SourceVersion "1"]
[SourceVersionDate "2016.06.21"]
[SourceQuality "1"]

1. e4 c5 2. Nc3 Nc6 3. f4 e6 4. Nf3 Qc7 5. g3 b6 6. Bg2 Be7 7. 0-0 Ba6 8. d3 c4 9. Be3 cxd3 10. cxd3 Nb4 11. Ne1 Nxd3 12. Nxd3 Qd6 13. e5 Qxd3 14. Qxd3 Bxd3 15. Bxa8 Bxf1 16. Rxf1 d5 17. Bc6+ Kd8 18. Nb5 Bc5 19. Bxc5 bxc5 20. Nxa7 Kc7 21. Be8 Ne7 22. Bxf7 Kb6 23. Bxe6 Kxa7 24. f5 Rf8 25. f6 gxf6 26. exf6 Ng8 27. Bxd5 Nxf6 28. h4 Nd7 29. Rxf8 Nxf8 30. g4 h6 31. h5 Nd7 32. Kf2 Ne5 33. Kg3 Kb6 34. b3 Kb5 35. Kf4 Nd3+ 36. Kf5 Nc1 37. a4+ Ka5 38. Kg6 Ne2 39. Kxh6 Nf4 40. Bc4 1-0